Home and Away Families - Statistics

General Stats
  • This quiz has been taken 134 times
  • The average score is 9 of 15
Answer Stats
Hint Answer % Correct
Stewart Alf
97%
Palmer John
85%
Chambers Marilyn
72%
Morgan Tori
69%
Morgan Justin
65%
Thorne Colby
62%
Nixon Bella
60%
Morgan Brody
60%
Palmer Jet
60%
Morgan Mason
58%
Stewart Ruth
58%
Morrison Raffy
44%
Stewart Duncan
37%
Stewart Ailsa
32%
Stewart Celia
14%
No matching quizzes found
Score Distribution
Percent of People with Each Score
Percentile by Number Answered
Your Score History
You have not taken this quiz